00941nam a2200289 i 4500001000300000100002100003245005200024260002300076300002800099490006300127500005300190504001400243650002300257650001200280650002500292830006300317020001500380040000800395041000800403080001000411920001800421942000700439008004100446999001700487856009800504952004900602bg1 aOSTALCZYK, Piotr10aDiscrete-variable functions /cPiotr Ostalczyk. aLodz :bTU,c2001. a260 s. :bil. ;c24 cm.1 aA Series of Monographs / Technical University of Łódź aNr na grzb. oznacza kolejną poz. wydawniczą. aBibliogr. 9aAnaliza numeryczna 9aFunkcje 9aMetody różnicowe 0aA Series of Monographs (Technical University of Łódź) a8372830371 cBPK0 aeng a517.9 a83-7283-037-1 cKS s pl f |000 0 pol  c42789d42789 uhttp://koha.tu.koszalin.pl/cgi-bin/koha/opac-detail.pl?biblionumber=42789yKatalog online BPK 00104070aBPKbBPKcwo67452p01914757yKS